Loading...
| History - American History | 2 | 1 | 0 | 1 | 40 | 61 | 82.00 | 0 | 3 |
| Social Science | 1 | 3 | 1 | 0 | 40 | 36 | 85.75 | 1 | 4 |
| History - World History | 0 | 4 | 1 | 1 | 35 | 110 | 132.50 | 0 | 1 |
| History - European History | 0 | 3 | 1 | 1 | 25 | 103 | 114.00 | 0 | 2 |
| Literature - European Literature | 0 | 3 | 2 | 0 | 20 | 111 | 117.00 | 1 | 3 |
| History - Other History | 0 | 2 | 0 | 1 | 20 | 86 | 101.00 | 0 | 1 |
| Literature - American Literature | 0 | 2 | 0 | 2 | 20 | 129 | 131.50 | 0 | 2 |
| Literature - World Literature | 0 | 2 | 0 | 0 | 20 | 131 | 133.50 | 0 | 1 |
| Science - Other Science | 2 | 0 | 2 | 0 | 20 | 40 | 45.50 | 1 | 2 |
| Science - Physics | 0 | 3 | 2 | 0 | 20 | 59 | 85.67 | 1 | 3 |
| Fine Arts - Auditory Fine Arts | 0 | 1 | 0 | 0 | 10 | 117 | 117.00 | 0 | 0 |
| Mythology | 0 | 1 | 0 | 0 | 10 | 60 | 60.00 | 0 | 0 |
| Fine Arts - Visual Fine Arts | 0 | 1 | 0 | 0 | 10 | 76 | 76.00 | 0 | 1 |
| Fine Arts - Other Fine Arts | 0 | 1 | 0 | 0 | 10 | 114 | 114.00 | 0 | 1 |
| Science - Biology | 0 | 2 | 3 | 0 | 5 | 83 | 101.00 | 0 | 2 |
| Philosophy | 0 | 1 | 2 | 0 | 0 | 93 | 93.00 | 0 | 1 |
| Science - Chemistry | 0 | 0 | 1 | 0 | -5 | 0.00 | 0 | 0 | |
| Current Events | 0 | 0 | 1 | 0 | -5 | 0.00 | 0 | 0 | |
| Religion | 0 | 0 | 2 | 0 | -10 | 0.00 | 0 | 0 |